Very Difficult Flags #10 - Statistics

General Stats
  • This quiz has been taken 110 times
  • The average score is 7 of 16
Answer Stats
Picture Answer % Correct
Scotland
97%
Guyana
95%
Singapore
94%
Northern Mariana Islands
64%
Mongol Empire
61%
Artsakh
48%
Donetsk
33%
Prince Edward Island
30%
Tasmania
28%
Kaliningrad
27%
Madrid
22%
Ironland
20%
Saarland
19%
Okinawa
18%
Transylvania
17%
Connacht
11%
No matching quizzes found
Score Distribution
Percent of People with Each Score
Percentile by Number Answered
Your Score History
You have not taken this quiz